Impak : amalan pembakaran terbuka jerami padi di Kedah

Bibliographic Details
Main Author: Mastura Mahmud
Other Authors: Ruzaini Mokhtar
Format: Book
Published: Bangi : Penerbit Universiti Kebangsaan Malaysia , 2019
Subjects:

MARC

LEADER 00000cam a2200000 7i4500
001 0000278753
005 20210304150919.0
020 |a 9789674129828 
090 0 0 |a 631.826   |b MAS 
100 0 |a Mastura Mahmud 
245 1 0 |a Impak :   |b amalan pembakaran terbuka jerami padi di Kedah   |c Mastura Mahmud, Ruzaini Mokhtar 
260 |a Bangi :   |b Penerbit Universiti Kebangsaan Malaysia ,   |c 2019 
300 |a 123p. ;   |c 23cm. 
650 0 |a Government publications   |z Malaysia 
650 0 |a Peat soils   |z Malaysia   |z Kedah 
650 0 |a Soil conditions   |z Malaysia   |z Kedah 
700 0 |a Ruzaini Mokhtar 
999 |a 00387175   |b BUKU   |c MALAYSIANA   |e PERPUSTAKAAN KOMUNITI PETALING JAYA